Short grammar of Tigré /

Bibliographic Details
Main Author: Leslau, Wolf
Format: Book
Language:English
Published: New Haven, CT : American Oriental Society, 1945.
Series:Publications of the American Oriental Society. Offprint series ; no. 18.
Subjects:

MARC

Tag First Indicator Second Indicator Subfields
LEADER 00000cam a2200000 a 4500
001 in00000033409
005 20151007060617.0
008 840209s1945 ctu 00010 eng d
035 |a (OCoLC)10393638 
035 |9 AAC1274AM 
040 |a WTS  |c WTS  |d m/c  |d UtOrBLW 
049 |a TXAM  |c [A11044072] 
050 4 |a PJ9131  |b .L474 1945 
100 1 |a Leslau, Wolf. 
245 1 0 |a Short grammar of Tigré /  |c Wolf Leslau. 
264 1 |a New Haven, CT :  |b American Oriental Society,  |c 1945. 
300 |a 26 pages, pages 164-203 pages ;  |c 26 cm. 
336 |a text  |b txt  |2 rdacontent 
337 |a unmediated  |b n  |2 rdamedia 
338 |a volume  |b nc  |2 rdacarrier 
490 1 |a Publications of the American Oriental Society. Offprint series ;  |v no. 18 
500 |a Cover title. 
500 |a Reprinted from: The journal of the American Oriental Society, volume 65, number 1 (1945) and number 3. 
650 0 |a Tigré language  |x Grammar. 
830 0 |a Publications of the American Oriental Society.  |p Offprint series ;  |v no. 18. 
999 |a MARS 
999 f f |s 570dd95e-9885-3423-9d4b-cd92aac75c97  |i 187f2e5a-ed13-3166-a613-5155f591fdb0  |t 0 
952 f f |p ric  |a Texas A&M University  |b Rellis Campus  |c Joint Library Facility  |s JLF  |d Remote Storage  |t 0  |e PJ9131 .L474 1945  |h Library of Congress classification  |i unmediated -- volume  |m A14811044072 
998 f f |a PJ9131 .L474 1945  |t 0  |l Remote Storage